[Event "2. Bundesliga West 2011/12"]
[Site "Hohenems"]
[Date "2011.11.05"]
[Round "5"]
[Board "2"]
[White "Froewis, Georg"]
[Black "Heinzel, Olaf"]
[Result "0-1"]
[WhiteElo "2424"]
[BlackElo "2347"]
[PlyCount "136"]
[EventDate "2011.10.07"]
[EventType "team"]
[EventRounds "11"]
[EventCountry "AUT"]
[WhiteTeam "Hohenems 2"]
[BlackTeam "Rochade Rum"]

1. Nf3 d5 2. d4 Nf6 3. c4 c6 4. Nc3 e6 5. Bg5 Be7 6. e3 Nbd7 7. Qc2 O-O 8. Bd3
dxc4 9. Bxc4 c5 10. O-O cxd4 11. Nxd4 Nb6 12. Bb3 Bd7 13. Rfd1 Qe8 14. Qe2 h6
15. Bf4 a6 16. e4 Na4 17. Bc2 Nxc3 18. bxc3 Ba4 19. Nb3 Qb5 20. c4 Qh5 21. f3
Nd7 22. e5 Nc5 23. Kh1 Nxb3 24. axb3 Bc6 25. Rd3 Bg5 26. Bg3 Bh4 27. Qe1 Bxg3
28. Qxg3 Rfd8 29. Rad1 Rxd3 30. Rxd3 a5 31. Qe1 Qg5 32. h3 g6 33. Kh2 Kg7 34.
Qg3 Qc1 35. Qf2 Qf4+ 36. Qg3 Qc1 37. Qf2 a4 38. bxa4 Qf4+ 39. Kg1 Bxa4 40. Bxa4
Rxa4 41. Qd4 Qxd4+ 42. Rxd4 b5 43. Kf2 bxc4 44. Kg3 g5 45. h4 Kg6 46. hxg5 hxg5
47. Kg4 Ra2 48. g3 c3 49. Rc4 Re2 50. Rxc3 Rxe5 51. Kh3 f5 52. Ra3 Re2 53. Rb3
Rf2 54. Re3 Kf7 55. g4 f4 56. Ra3 Kf6 57. Rd3 Re2 58. Rd8 Re3 59. Kg2 e5 60.
Rd6+ Kf7 61. Rd7+ Ke6 62. Ra7 Rc3 63. Kf2 Rc2+ 64. Kf1 e4 65. fxe4 Ke5 66. Ra4
f3 67. Ke1 Re2+ 68. Kf1 Rxe4 0-1

[Event "2. Bundesliga West 2011/12"]
[Site "Hohenems"]
[Date "2011.11.05"]
[Round "5"]
[Board "3"]
[White "Gatterer, Florian"]
[Black "Novkovic, Milan"]
[Result "1/2-1/2"]
[WhiteElo "2274"]
[BlackElo "2381"]
[PlyCount "66"]
[EventDate "2011.10.07"]
[EventType "team"]
[EventRounds "11"]
[EventCountry "AUT"]
[WhiteTeam "Rochade Rum"]
[BlackTeam "Hohenems 2"]

1. d4 d5 2. Bf4 c5 3. e3 cxd4 4. exd4 Nc6 5. c3 Bf5 6. Qb3 Qd7 7. Nf3 a6 8.
Nbd2 e6 9. Be2 Nf6 10. O-O Be7 11. h3 O-O 12. a4 Ne4 13. Nxe4 Bxe4 14. Nd2 Bg6
15. Qd1 b6 16. Bh5 Bxh5 17. Qxh5 b5 18. axb5 axb5 19. b4 Qb7 20. Nb3 Rxa1 21.
Rxa1 Ra8 22. Qd1 Ra6 23. Rxa6 Qxa6 24. Qa1 Qxa1+ 25. Nxa1 f6 26. Nc2 e5 27. Be3
Kf7 28. Na3 exd4 29. Bxd4 Bxb4 30. Nxb5 Nxd4 31. cxd4 Ba5 32. Kf1 Ke6 33. Ke2
Kd7 1/2-1/2

[Event "2. Bundesliga West 2011/12"]
[Site "Hohenems"]
[Date "2011.11.05"]
[Round "5"]
[Board "4"]
[White "Atlas, Dmitry"]
[Black "Eybl, Alexander"]
[Result "1/2-1/2"]
[WhiteElo "2291"]
[BlackElo "2275"]
[PlyCount "44"]
[EventDate "2011.10.07"]
[EventType "team"]
[EventRounds "11"]
[EventCountry "AUT"]
[WhiteTeam "Hohenems 2"]
[BlackTeam "Rochade Rum"]

1. e4 c5 2. c3 d5 3. exd5 Qxd5 4. d4 e6 5. Nf3 Nf6 6. Be3 cxd4 7. cxd4 Nc6 8.
Nc3 Qd6 9. Bd3 Be7 10. O-O O-O 11. a3 b6 12. Qe2 Bb7 13. h3 Rfd8 14. Rad1 Rac8
15. Rfe1 g6 16. Bb1 Nd5 17. Nxd5 Qxd5 18. b4 Bf6 19. Ba2 Qf5 20. Bb1 Qd5 21.
Ba2 Qf5 22. Bb1 Qd5 1/2-1/2

[Event "2. Bundesliga West 2011/12"]
[Site "Hohenems"]
[Date "2011.11.05"]
[Round "5"]
[Board "5"]
[White "Hengl, Christian"]
[Black "Gaertner, Guntram"]
[Result "0-1"]
[WhiteElo "2240"]
[BlackElo "2324"]
[PlyCount "52"]
[EventDate "2011.10.07"]
[EventType "team"]
[EventRounds "11"]
[EventCountry "AUT"]
[WhiteTeam "Rochade Rum"]
[BlackTeam "Hohenems 2"]

1. e4 c5 2. Nc3 e6 3. g3 d5 4. d3 dxe4 5. dxe4 Qxd1+ 6. Nxd1 Nc6 7. c3 b6 8. f3
Bb7 9. Nf2 O-O-O 10. Bd2 f5 11. Bh3 g6 12. O-O-O Ne5 13. Bg2 Nf6 14. Ngh3 fxe4
15. fxe4 Nfg4 16. Nxg4 Nxg4 17. Ng5 Nf2 18. Nf7 Nxd1 19. Rxd1 Bg7 20. Nxh8 Rxh8
21. Rf1 Rf8 22. Rxf8+ Bxf8 23. Bf4 Bg7 24. Kd2 Kd7 25. Ke3 e5 26. Bh3+ Ke8 0-1

[Event "2. Bundesliga West 2011/12"]
[Site "Hohenems"]
[Date "2011.11.05"]
[Round "5"]
[Board "6"]
[White "Sandholzer, Robert"]
[Black "Jedinger, Andreas"]
[Result "1/2-1/2"]
[WhiteElo "2158"]
[BlackElo "2191"]
[PlyCount "60"]
[EventDate "2011.10.07"]
[EventType "team"]
[EventRounds "11"]
[EventCountry "AUT"]
[WhiteTeam "Hohenems 2"]
[BlackTeam "Rochade Rum"]

1. e4 c5 2. c3 e6 3. d4 d5 4. exd5 exd5 5. Be3 c4 6. b3 cxb3 7. axb3 Nf6 8. Bd3
Bd6 9. Ne2 O-O 10. Bf4 Re8 11. O-O Bg4 12. Bxd6 Qxd6 13. Re1 Nc6 14. Nd2 Re7
15. Nf1 Rae8 16. Ne3 Bxe2 17. Bxe2 Qf4 18. Bf3 Qg5 19. Qd3 a6 20. g3 Re6 21.
Rad1 Ne7 22. Ng2 Qf5 23. Qxf5 Nxf5 24. Rxe6 fxe6 25. Nf4 Rc8 26. c4 dxc4 27.
bxc4 Rxc4 28. Bxb7 Rxd4 29. Rxd4 Nxd4 30. Bxa6 Kf7 1/2-1/2

[Event "2. Bundesliga West 2011/12"]
[Site "Hohenems"]
[Date "2011.11.05"]
[Round "5"]
[Board "1"]
[White "Platzgummer, Fabian"]
[Black "Deglmann, Ludwig"]
[Result "0-1"]
[WhiteElo "2304"]
[BlackElo "2324"]
[PlyCount "50"]
[EventDate "2011.10.07"]
[EventType "team"]
[EventRounds "11"]
[EventCountry "AUT"]
[WhiteTeam "Zillertal"]
[BlackTeam "Sparkasse Jenbach 2"]

1. c4 e5 2. g3 Nc6 3. Bg2 Bc5 4. Nc3 a6 5. e3 d6 6. Nge2 Ba7 7. O-O h5 8. Nd5
h4 9. b4 Nce7 10. d4 Nxd5 11. cxd5 hxg3 12. hxg3 Nh6 13. dxe5 dxe5 14. Nc3 Bg4
15. f3 Qg5 16. Qe1 Bf5 17. Kf2 Bd3 18. Rh1 O-O-O 19. Rh4 f5 20. Bf1 Ng4+ 21.
fxg4 Rxh4 22. Bxd3 Rh2+ 23. Kg1 Rdh8 24. Bxf5+ Kb8 25. Be4 Qh6 0-1

[Event "2. Bundesliga West 2011/12"]
[Site "Hohenems"]
[Date "2011.11.05"]
[Round "5"]
[Board "2"]
[White "Reich, Thomas"]
[Black "Lanka, Zigurds"]
[Result "0-1"]
[WhiteElo "2388"]
[BlackElo "2442"]
[PlyCount "82"]
[EventDate "2011.10.07"]
[EventType "team"]
[EventRounds "11"]
[EventCountry "AUT"]
[WhiteTeam "Sparkasse Jenbach 2"]
[BlackTeam "Zillertal"]

1. e4 c5 2. c3 Nf6 3. e5 Nd5 4. d4 cxd4 5. Nf3 Nc6 6. Bc4 Nb6 7. Bb3 d6 8. exd6
Qxd6 9. O-O Be6 10. cxd4 Bxb3 11. Qxb3 e6 12. Nc3 Be7 13. Nb5 Qd8 14. g3 Nd5
15. Nc3 Nxc3 16. bxc3 O-O 17. Bf4 Qc8 18. c4 b6 19. Rac1 h6 20. Rfd1 Rd8 21. d5
Na5 22. Qd3 Bf6 23. Be5 Bxe5 24. Nxe5 Qc7 25. Qe3 Rd6 26. c5 Rxd5 27. Rxd5 exd5
28. cxb6 Qxb6 29. Qf4 Qe6 30. Rc7 Rf8 31. Rxa7 Nc4 32. Nf3 g5 33. Qc1 Rb8 34.
Qc2 g4 35. Nh4 Qe1+ 36. Kg2 Rb1 37. Ra8+ Kg7 38. Nf5+ Kf6 39. Ra6+ Kg5 40. Qxb1
Qxb1 41. Nxh6 Ne5 0-1

[Event "2. Bundesliga West 2011/12"]
[Site "Hohenems"]
[Date "2011.11.05"]
[Round "5"]
[Board "3"]
[White "Hausner, Ivan"]
[Black "Micheli, Carlo"]
[Result "0-1"]
[WhiteElo "2405"]
[BlackElo "2268"]
[PlyCount "64"]
[EventDate "2011.10.07"]
[EventType "team"]
[EventRounds "11"]
[EventCountry "AUT"]
[WhiteTeam "Zillertal"]
[BlackTeam "Sparkasse Jenbach 2"]

1. c4 e5 2. Nc3 d6 3. g3 g6 4. Bg2 Bg7 5. Nf3 Nc6 6. Rb1 f5 7. d3 Nf6 8. Bg5 h6
9. Bxf6 Qxf6 10. Nd5 Qf7 11. b4 O-O 12. b5 Nd8 13. Nd2 Ne6 14. e3 g5 15. h4 g4
16. O-O Kh8 17. f3 h5 18. fxg4 hxg4 19. e4 f4 20. Qxg4 c6 21. bxc6 bxc6 22. Nc3
Bh6 23. Qd1 Qf6 24. Ne2 Qg7 25. Rf3 Nc5 26. gxf4 Bg4 27. f5 Bxd2 28. Rg3 Bxe2
29. Qxd2 Qxg3 30. Qh6+ Kg8 31. Qxd6 Bf3 32. Rb2 Rab8 0-1

[Event "2. Bundesliga West 2011/12"]
[Site "Hohenems"]
[Date "2011.11.05"]
[Round "5"]
[Board "4"]
[White "Hoellrigl, Wilfried"]
[Black "Kleissl, Helmut"]
[Result "0-1"]
[WhiteElo "2186"]
[BlackElo "2306"]
[PlyCount "104"]
[EventDate "2011.10.07"]
[EventType "team"]
[EventRounds "11"]
[EventCountry "AUT"]
[WhiteTeam "Sparkasse Jenbach 2"]
[BlackTeam "Zillertal"]

1. e4 g6 2. d4 Bg7 3. Nc3 d6 4. Be3 a6 5. a4 Nf6 6. h3 O-O 7. Nf3 b6 8. Bc4 e6
9. O-O Bb7 10. d5 exd5 11. exd5 Re8 12. Nd4 Ne4 13. Nxe4 Rxe4 14. c3 Nd7 15.
Qf3 Re8 16. Ba2 Qh4 17. Rae1 Nc5 18. a5 bxa5 19. Nc6 Nd3 20. Re2 Ne5 21. Nxe5
Rxe5 22. Rfe1 Rae8 23. c4 Qe7 24. Bb3 Bc8 25. Ba4 Bd7 26. Bc2 Qh4 27. Bd3 Bf5
28. Bxf5 gxf5 29. c5 Qc4 30. cxd6 cxd6 31. Rd1 Qe4 32. Qxe4 Rxe4 33. Rc2 f4 34.
Bb6 a4 35. Rd3 Rb4 36. Bc7 Re1+ 37. Kh2 Be5 38. Ba5 Ree4 39. Bxb4 Rxb4 40. Rdd2
a5 41. Kg1 Kg7 42. Kf1 Kf6 43. Ke2 Kf5 44. Kd1 h5 45. Kc1 h4 46. Rc7 f6 47. f3
Bd4 48. Re2 Be3+ 49. Kc2 Ke5 50. Rh7 Kd4 51. Kd1 Rb5 52. Rxh4 a3 0-1

[Event "2. Bundesliga West 2011/12"]
[Site "Hohenems"]
[Date "2011.11.05"]
[Round "5"]
[Board "5"]
[White "Tabernig, Bernhard"]
[Black "Schnegg, Daniel"]
[Result "1-0"]
[WhiteElo "2317"]
[BlackElo "2134"]
[PlyCount "49"]
[EventDate "2011.10.07"]
[EventType "team"]
[EventRounds "11"]
[EventCountry "AUT"]
[WhiteTeam "Zillertal"]
[BlackTeam "Sparkasse Jenbach 2"]

1. d4 Nf6 2. c4 g6 3. Nc3 Bg7 4. e4 d6 5. Nf3 O-O 6. Be2 e5 7. O-O Nc6 8. d5
Ne7 9. Ne1 Nd7 10. Nd3 f5 11. Bd2 Nf6 12. f3 f4 13. c5 g5 14. Rc1 Ne8 15. cxd6
cxd6 16. Nf2 h5 17. Qc2 Ng6 18. Nb5 g4 19. Nc7 g3 20. Nxa8 Bd7 21. Nc7 Nh4 22.
hxg3 fxg3 23. Ne6 Bxe6 24. dxe6 Rxf3 25. Nh3 1-0

[Event "2. Bundesliga West 2011/12"]
[Site "Hohenems"]
[Date "2011.11.05"]
[Round "5"]
[Board "6"]
[White "Schnegg, Anna-Lena"]
[Black "Schiestl, Josef"]
[Result "1/2-1/2"]
[WhiteElo "2017"]
[BlackElo "2135"]
[PlyCount "59"]
[EventDate "2011.10.07"]
[EventType "team"]
[EventRounds "11"]
[EventCountry "AUT"]
[WhiteTeam "Sparkasse Jenbach 2"]
[BlackTeam "Zillertal"]

1. e4 g6 2. d4 Bg7 3. f4 c6 4. Nf3 d5 5. e5 Nh6 6. Be3 f6 7. Qd2 Bg4 8. Be2 Nf5
9. Nc3 Nxe3 10. Qxe3 O-O 11. O-O Nd7 12. Ng5 Bf5 13. Nh3 Bxh3 14. Qxh3 f5 15.
Rad1 e6 16. g4 Kh8 17. gxf5 gxf5 18. Kh1 Qe7 19. a3 Rg8 20. Rg1 Bf8 21. Rxg8+
Kxg8 22. Rg1+ Kh8 23. Qg3 Bg7 24. Bh5 Rg8 25. Qh3 Bh6 26. Rxg8+ Kxg8 27. Bf7+
Qxf7 28. Qxh6 Qg6 29. Qxg6+ hxg6 30. Kg2 1/2-1/2

[Event "2. Bundesliga West 2011/12"]
[Site "Hohenems"]
[Date "2011.11.05"]
[Round "5"]
[Board "1"]
[White "Eisenbeiser, Amadeus"]
[Black "Zelcic, Robert"]
[Result "1/2-1/2"]
[WhiteElo "2409"]
[BlackElo "2558"]
[PlyCount "130"]
[EventDate "2011.10.07"]
[EventType "team"]
[EventRounds "11"]
[EventCountry "AUT"]
[WhiteTeam "Goetzis"]
[BlackTeam "Schwarzach"]

1. e4 c6 2. d4 d5 3. Nc3 dxe4 4. Nxe4 Bf5 5. Ng3 Bg6 6. h4 h6 7. Nf3 e6 8. h5
Bh7 9. Bd3 Bb4+ 10. c3 Bxd3 11. Qxd3 Bd6 12. Ne4 Nf6 13. Bd2 Nxe4 14. Qxe4 Nd7
15. O-O-O Nf6 16. Qc2 Qc7 17. Kb1 O-O-O 18. c4 Ng4 19. Bc3 Rhe8 20. Qe2 Qe7 21.
Ne1 Qg5 22. Nd3 Nf6 23. g3 Qf5 24. Ka1 Ne4 25. Be1 Ng5 26. Bc3 Bc7 27. f4 Ne4
28. g4 Nxc3 29. bxc3 Qa5 30. Qb2 b6 31. c5 Qa4 32. Rhe1 f6 33. Rb1 Qc4 34. Re3
e5 35. fxe5 fxe5 36. cxb6 Bxb6 37. Nxe5 Qa4 38. Re4 c5 39. Qe2 cxd4 40. Rb4 d3
41. Rec4+ Kb8 42. Qh2 Qa6 43. Nd7+ Ka8 44. Nxb6+ axb6 45. Ra4 Re1+ 46. Kb2 Re2+
47. Qxe2 dxe2 48. Rxa6+ Kb7 49. Rxb6+ Kxb6 50. Re4 Rd2+ 51. Kb3 Kc5 52. a4 Kd5
53. Re8 Kc5 54. a5 Kb5 55. Re5+ Ka6 56. c4 Kb7 57. Kc3 Ra2 58. Kd3 Rxa5 59.
Rxe2 Rg5 60. Re4 Kc7 61. Kc3 Kd6 62. Kb4 g6 63. hxg6 Rxg6 64. Kb5 Rg8 65. c5+
Kd5 1/2-1/2

[Event "2. Bundesliga West 2011/12"]
[Site "Hohenems"]
[Date "2011.11.05"]
[Round "5"]
[Board "2"]
[White "Krstic, Uros"]
[Black "Krassowizkij, Jaroslaw"]
[Result "1-0"]
[WhiteElo "2459"]
[BlackElo "2356"]
[PlyCount "125"]
[EventDate "2011.10.07"]
[EventType "team"]
[EventRounds "11"]
[EventCountry "AUT"]
[WhiteTeam "Schwarzach"]
[BlackTeam "Goetzis"]

1. e4 c5 2. Nf3 d6 3. d4 cxd4 4. Nxd4 Nf6 5. Nc3 a6 6. a4 g6 7. Be2 Bg7 8. O-O
O-O 9. Be3 Nc6 10. Qd2 Ng4 11. Bxg4 Bxg4 12. f3 Bd7 13. Rfd1 Rc8 14. Kh1 Re8
15. Nxc6 Rxc6 16. Nd5 Be6 17. c3 Bxd5 18. exd5 Rc4 19. a5 Qd7 20. Bb6 Bf6 21.
Qc2 Rec8 22. Qb3 Be5 23. Bf2 g5 24. Rd2 Kh8 25. Qd1 Qf5 26. Qc2 Qf6 27. Qd3 Qh6
28. g3 Qh3 29. Qf1 Qf5 30. Qd3 Qf6 31. Kg2 h5 32. h3 h4 33. gxh4 gxh4 34. Kf1
Rf4 35. Ke2 Rg8 36. Rdd1 Rg2 37. Rg1 Qg5 38. Rxg2 Qxg2 39. Rg1 Qxh3 40. Rg5 f5
41. Bd4 Qh2+ 42. Kf1 Qh1+ 43. Ke2 Qh2+ 44. Kf1 Rxd4 45. cxd4 Bg3 46. Rh5+ Kg7
47. Qe3 Qh1+ 48. Ke2 Qe1+ 49. Kd3 Qd1+ 50. Kc4 Qc2+ 51. Qc3 Qa4+ 52. Kd3 Qd1+
53. Kc4 Qa4+ 54. Kd3 Qd1+ 55. Kc4 Kg6 56. Rh8 Qa4+ 57. Kd3 Qb5+ 58. Kc2 Qxd5
59. Qe3 Qc4+ 60. Kb1 f4 61. Qe4+ Kf6 62. Rh6+ Kf7 63. Qg6+ 1-0

[Event "2. Bundesliga West 2011/12"]
[Site "Hohenems"]
[Date "2011.11.05"]
[Round "5"]
[Board "3"]
[White "Schloetzer, Waldemar"]
[Black "Brumen, Dinko"]
[Result "0-1"]
[WhiteElo "2308"]
[BlackElo "2347"]
[PlyCount "160"]
[EventDate "2011.10.07"]
[EventType "team"]
[EventRounds "11"]
[EventCountry "AUT"]
[WhiteTeam "Goetzis"]
[BlackTeam "Schwarzach"]

1. d4 Nf6 2. c4 e6 3. Nc3 d5 4. cxd5 exd5 5. Bg5 Be7 6. e3 c6 7. Qc2 Nbd7 8.
Bd3 Nf8 9. Nf3 Ng6 10. h3 O-O 11. O-O Bd6 12. e4 dxe4 13. Nxe4 Be7 14. Rfe1 h6
15. Nxf6+ Bxf6 16. Bd2 Ne7 17. Bb4 Re8 18. Bc4 Nd5 19. Bxd5 cxd5 20. Rxe8+ Qxe8
21. Bd6 Be6 22. Be5 Be7 23. Rc1 Qb5 24. Qd2 a5 25. Rc7 Bd8 26. Rc5 Qd7 27. Bf4
f6 28. Ne1 a4 29. Nc2 Bb6 30. Be3 Bf5 31. a3 Bxc5 32. dxc5 Bxc2 33. Qxc2 Rd8
34. Bd4 Re8 35. f3 Kf7 36. Kh2 Qc7+ 37. Kg1 Qg3 38. Bf2 Qf4 39. h4 Re6 40. h5
f5 41. Qd3 Qe5 42. Qb5 Re7 43. Qd3 g6 44. hxg6+ Kxg6 45. g4 h5 46. gxh5+ Kxh5
47. Kf1 Kg6 48. Qb5 Qf4 49. Kg2 Kh7 50. Qd3 Rg7+ 51. Kf1 Qc4 52. Qxc4 dxc4 53.
Bd4 Rd7 54. Bc3 Kg6 55. Ke2 Rd3 56. Kf2 Kf7 57. Kg3 Ke6 58. Kf4 Kd5 59. Bb4 Ke6
60. Bc3 Rd5 61. Bb4 Kd7 62. Kg5 Ke6 63. Kf4 Rd4+ 64. Kg5 Rd1 65. Kf4 Rf1 66.
Ke3 Kd5 67. Kf4 Rf2 68. Bc3 Kxc5 69. Ke3 Rf1 70. Ke2 Rh1 71. Ke3 Rh3 72. Kf4
Kd5 73. Bf6 Ke6 74. Bc3 b5 75. Ke3 Rh2 76. Bg7 Rc2 77. Kf4 b4 78. axb4 c3 79.
bxc3 a3 80. b5 a2 0-1

[Event "2. Bundesliga West 2011/12"]
[Site "Hohenems"]
[Date "2011.11.05"]
[Round "5"]
[Board "4"]
[White "Hecht, Hans-Joachim"]
[Black "Kessler, Luca"]
[Result "1-0"]
[WhiteElo "2383"]
[BlackElo "2247"]
[PlyCount "73"]
[EventDate "2011.10.07"]
[EventType "team"]
[EventRounds "11"]
[EventCountry "AUT"]
[WhiteTeam "Schwarzach"]
[BlackTeam "Goetzis"]

1. Nf3 Nf6 2. d4 c5 3. c4 cxd4 4. Nxd4 e5 5. Nb5 d5 6. cxd5 Bc5 7. N1c3 O-O 8.
e3 a6 9. Na3 b5 10. Nc2 e4 11. b4 Bd6 12. Be2 Nbd7 13. Bb2 Bb7 14. O-O Nb6 15.
a4 bxa4 16. Nxa4 Nxa4 17. Rxa4 Nxd5 18. Qd4 Qf6 19. Qxf6 gxf6 20. b5 axb5 21.
Bxb5 Rfc8 22. Rxa8 Bxa8 23. Nd4 Be5 24. Ra1 Rb8 25. g3 Bb7 26. Bd7 Bc8 27. Bxc8
Rxc8 28. Ra5 Bxd4 29. Bxd4 Rd8 30. g4 Kg7 31. Ra6 Kg6 32. Kg2 Rd7 33. Kg3 Rd8
34. f4 exf3 35. Kxf3 h5 36. e4 Nb4 37. Rxf6+ 1-0

[Event "2. Bundesliga West 2011/12"]
[Site "Hohenems"]
[Date "2011.11.05"]
[Round "5"]
[Board "5"]
[White "Schmidlechner, Alexander"]
[Black "Ljubic, Juro"]
[Result "1/2-1/2"]
[WhiteElo "2273"]
[BlackElo "2190"]
[PlyCount "68"]
[EventDate "2011.10.07"]
[EventType "team"]
[EventRounds "11"]
[EventCountry "AUT"]
[WhiteTeam "Goetzis"]
[BlackTeam "Schwarzach"]

1. d4 Nf6 2. c4 e6 3. g3 Bb4+ 4. Bd2 Qe7 5. Bg2 O-O 6. Nc3 c5 7. a3 cxd4 8.
axb4 dxc3 9. bxc3 d6 10. Be3 a6 11. c5 d5 12. Nf3 Rd8 13. Bf4 Ne4 14. Qc2 Nc6
15. Ne5 Nxe5 16. Bxe5 Bd7 17. O-O Bc6 18. Bxe4 dxe4 19. c4 Qg5 20. Bc7 Rd2 21.
Qc3 e3 22. b5 Be4 23. Qxe3 Qxe3 24. fxe3 Rxe2 25. Rf2 Rxe3 26. Rd2 Rd3 27. Rxd3
Bxd3 28. c6 b6 29. Rd1 Bxc4 30. bxa6 Bd5 31. Rc1 Rxa6 32. Bxb6 Ra8 33. c7 Rc8
34. Kf2 f6 1/2-1/2

[Event "2. Bundesliga West 2011/12"]
[Site "Hohenems"]
[Date "2011.11.05"]
[Round "5"]
[Board "6"]
[White "Stoeckl, Norbert"]
[Black "Kranz, Armin"]
[Result "0-1"]
[WhiteElo "2057"]
[BlackElo "2100"]
[PlyCount "114"]
[EventDate "2011.10.07"]
[EventType "team"]
[EventRounds "11"]
[EventCountry "AUT"]
[WhiteTeam "Schwarzach"]
[BlackTeam "Goetzis"]

1. e4 e5 2. Nf3 Nc6 3. Bb5 a6 4. Ba4 g6 5. d4 exd4 6. Bg5 Be7 7. Bxe7 Qxe7 8.
O-O Nf6 9. Nxd4 Nxd4 10. Qxd4 b5 11. e5 c5 12. exf6 cxd4 13. fxe7 bxa4 14. Re1
d5 15. Nd2 Ra7 16. Nf3 Rxe7 17. Nxd4 Rxe1+ 18. Rxe1+ Kd7 19. Kf1 Kd6 20. Ke2
Bd7 21. Kd2 Rb8 22. Kc1 g5 23. Re3 f6 24. Ne2 Rb4 25. a3 Rc4 26. Kd2 Bf5 27.
Rc3 Kc5 28. Rxc4+ Kxc4 29. c3 Bd7 30. Nd4 h6 31. g3 Bh3 32. Nc6 Bd7 33. Ne7 d4
34. cxd4 Kxd4 35. Ng8 Ke5 36. Nxh6 Be6 37. f3 f5 38. Ke3 g4 39. fxg4 fxg4 40.
Kd3 Kd5 41. Kc3 a5 42. Kd3 Kc5 43. Kc3 Kd5 44. b3 axb3 45. Kxb3 Kc5+ 46. Kc3
Kb5 47. Kd4 Ka4 48. Ke5 Bc8 49. Kf4 Kxa3 50. Nxg4 Bxg4 51. Kxg4 Kb4 52. Kf5 a4
53. g4 a3 54. h4 a2 55. h5 a1=Q 56. g5 Qg7 57. h6 Qf7+ 0-1

[Event "2. Bundesliga West 2011/12"]
[Site "Hohenems"]
[Date "2011.11.05"]
[Round "5"]
[Board "1"]
[White "Weindl, Alfred"]
[Black "Medvegy, Zoltan"]
[Result "0-1"]
[WhiteElo "2339"]
[BlackElo "2531"]
[PlyCount "94"]
[EventDate "2011.10.07"]
[EventType "team"]
[EventRounds "11"]
[EventCountry "AUT"]
[WhiteTeam "Bregenz"]
[BlackTeam "ATSV Ranshofen"]

1. c4 b6 2. Nc3 e6 3. e4 Bb7 4. Nf3 Nf6 5. Bd3 c5 6. e5 Ng4 7. h3 Nh6 8. Be4
Bxe4 9. Nxe4 Nf5 10. g4 Nd4 11. Nxd4 cxd4 12. d3 Nc6 13. O-O Nxe5 14. f4 Nc6
15. f5 Be7 16. Qe2 f6 17. Ng3 Bd6 18. Nh5 O-O 19. fxe6 Qe7 20. Qg2 Qxe6 21. Bd2
Rae8 22. Rae1 Qf7 23. Bf4 Bxf4 24. Nxf4 Re5 25. Nd5 Rxe1 26. Rxe1 Re8 27. Rf1
Re5 28. Qf2 h5 29. Qf3 hxg4 30. hxg4 Rg5 31. Nf4 f5 32. Ng2 Rxg4 33. Re1 Rg6
34. Kf2 Re6 35. Rh1 Ne5 36. Qd5 Nxd3+ 37. Kg1 Rh6 38. Qxd4 Rxh1+ 39. Kxh1 Nc5
40. Qe5 Qh5+ 41. Kg1 Kh7 42. Qd5 Qg4 43. b4 Ne6 44. Qxd7 Nf4 45. Qd2 Nxg2 46.
Qxg2 Qxg2+ 47. Kxg2 Kg6 0-1

[Event "2. Bundesliga West 2011/12"]
[Site "Hohenems"]
[Date "2011.11.05"]
[Round "5"]
[Board "2"]
[White "Menacher, Manfred"]
[Black "Dobosz, Henryk"]
[Result "1/2-1/2"]
[WhiteElo "2307"]
[BlackElo "2396"]
[PlyCount "93"]
[EventDate "2011.10.07"]
[EventType "team"]
[EventRounds "11"]
[EventCountry "AUT"]
[WhiteTeam "ATSV Ranshofen"]
[BlackTeam "Bregenz"]

1. d4 d5 2. c4 c6 3. cxd5 cxd5 4. Bf4 Nc6 5. Nc3 Nf6 6. e3 a6 7. Rc1 Bf5 8. Nf3
Rc8 9. Be2 e6 10. O-O Nd7 11. Na4 Be7 12. Nc5 Nxc5 13. dxc5 O-O 14. Qd2 Re8 15.
Nd4 Bg6 16. b4 Nb8 17. a3 Bf8 18. Bxb8 Rxb8 19. c6 Qb6 20. cxb7 Qxb7 21. Nc6
Rbc8 22. Na5 Qa8 23. h4 h6 24. h5 Be4 25. f3 Bh7 26. Qd4 Rxc1 27. Rxc1 Rc8 28.
Rc3 Be7 29. Kf2 Bf5 30. g4 Bc2 31. Qd2 Ba4 32. Qc1 Rxc3 33. Qxc3 Bf6 34. Qc7
Bb2 35. Nb7 Qf8 36. Nc5 Bb5 37. Bxb5 axb5 38. Nd3 Bf6 39. Qc6 Qb8 40. f4 Qa7
41. Qe8+ Kh7 42. Ne5 Qxa3 43. Nd7 Qb2+ 44. Kf3 Be7 45. Qxe7 Qa1 46. Kg2 Qb2+
47. Kf3 1/2-1/2

[Event "2. Bundesliga West 2011/12"]
[Site "Hohenems"]
[Date "2011.11.05"]
[Round "5"]
[Board "3"]
[White "Poettinger, Harald"]
[Black "Dovzik, Juri"]
[Result "1/2-1/2"]
[WhiteElo "2200"]
[BlackElo "2341"]
[PlyCount "63"]
[EventDate "2011.10.07"]
[EventType "team"]
[EventRounds "11"]
[EventCountry "AUT"]
[WhiteTeam "Bregenz"]
[BlackTeam "ATSV Ranshofen"]

1. c4 c5 2. g3 g6 3. Bg2 Bg7 4. Nc3 Nc6 5. Nf3 d6 6. O-O e5 7. Ne1 Nge7 8. Nc2
O-O 9. a3 a5 10. Rb1 Be6 11. Ne3 Rb8 12. d3 f5 13. Ned5 h6 14. b4 axb4 15. axb4
b6 16. Bd2 cxb4 17. Nxb4 Nxb4 18. Rxb4 d5 19. cxd5 Nxd5 20. Nxd5 Bxd5 21. Bxd5+
Qxd5 22. Qb3 Qxb3 23. Rxb3 Rfc8 24. e4 b5 25. Rfb1 Rd8 26. Be3 b4 27. Rxb4 Rxb4
28. Rxb4 Rxd3 29. Rb6 Kh7 30. Kg2 Rc3 31. Kf3 Rc4 32. exf5 1/2-1/2

[Event "2. Bundesliga West 2011/12"]
[Site "Hohenems"]
[Date "2011.11.05"]
[Round "5"]
[Board "4"]
[White "Ager, Josef"]
[Black "Karrer, Damian"]
[Result "1-0"]
[WhiteElo "2195"]
[BlackElo "2181"]
[PlyCount "109"]
[EventDate "2011.10.07"]
[EventType "team"]
[EventRounds "11"]
[EventCountry "AUT"]
[WhiteTeam "ATSV Ranshofen"]
[BlackTeam "Bregenz"]

1. Nf3 d5 2. c4 c6 3. g3 Nf6 4. Bg2 Bg4 5. Qb3 Qb6 6. d3 Nbd7 7. Qc2 e5 8. O-O
Bd6 9. Nc3 d4 10. Na4 Qd8 11. b3 O-O 12. h3 Be6 13. e3 dxe3 14. Bxe3 Rc8 15. d4
b5 16. Nb2 Bb8 17. Rfd1 Qa5 18. a4 b4 19. dxe5 Nxe5 20. Nd4 Bd7 21. Ne2 h6 22.
f4 Ng6 23. c5 Be6 24. f5 Bxb3 25. Qxb3 Ne7 26. Nc4 Qa6 27. g4 Ned5 28. Bf2 Rfe8
29. Ra2 Re7 30. Ng3 Nc3 31. Rad2 Nxd1 32. Rxd1 Qb7 33. Nd6 Bxd6 34. cxd6 Rd7
35. Bc5 a5 36. Re1 Ne8 37. Ne4 Rcd8 38. Rd1 Qb8 39. Qc4 Qa8 40. g5 hxg5 41.
Nxg5 Qb7 42. Qe4 Rc8 43. Bf1 Nf6 44. Qd4 Rf8 45. Bc4 Qb8 46. Kf2 Qd8 47. Rg1
Re8 48. Kf1 Nh5 49. Ne6 Qf6 50. Nxg7 Qxd4 51. Bxd4 Nxg7 52. Rxg7+ Kf8 53. Rh7
Rxd6 54. Rxf7+ Kg8 55. Rd7+ 1-0

[Event "2. Bundesliga West 2011/12"]
[Site "Hohenems"]
[Date "2011.11.05"]
[Round "5"]
[Board "5"]
[White "Matt, Fabian"]
[Black "Spiesberger, Gerhard"]
[Result "1/2-1/2"]
[WhiteElo "2169"]
[BlackElo "2140"]
[PlyCount "84"]
[EventDate "2011.10.07"]
[EventType "team"]
[EventRounds "11"]
[EventCountry "AUT"]
[WhiteTeam "Bregenz"]
[BlackTeam "ATSV Ranshofen"]

1. e4 e5 2. Nf3 Nf6 3. Nxe5 d6 4. Nf3 Nxe4 5. Nc3 Nxc3 6. dxc3 Be7 7. Be3 O-O
8. Qd2 Be6 9. Bd3 Nc6 10. h4 Qd7 11. O-O-O Bf5 12. Be2 Bf6 13. Rdg1 Ne5 14. Nd4
Ng4 15. Nxf5 Qxf5 16. Bd4 Bxd4 17. Qxd4 Nf6 18. Bd3 Qe5 19. Re1 Qxd4 20. cxd4
Rfe8 21. Kd2 Kf8 22. c3 h6 23. Rxe8+ Rxe8 24. Re1 Rxe1 25. Kxe1 Ke7 26. Kd2 Ke6
27. Bc4+ d5 28. Bd3 Ne8 29. Ke3 g5 30. Kf3 f5 31. Kg3 Nd6 32. hxg5 hxg5 33. Kf3
b5 34. Ke3 c6 35. g3 a5 36. a3 Nc8 37. Kd2 Nb6 38. Be2 a4 39. Ke3 Nc8 40. f3
Nd6 41. Bd3 Ne8 42. Kf2 Nd6 1/2-1/2